|
|
|
|
| LEADER |
01311nab#a2200361#ar4500 |
| 001 |
000079607 |
| 003 |
SVKKK |
| 005 |
20031113xxxxxxx. |
| 008 |
06 c xo huno |
| FMT |
|
|
|
| 038 |
|
|
|a SVKKK
|
| 040 |
|
|
|a SVKKK
|b slo
|e AACR2
|
| 041 |
0 |
|
|a hun
|
| 044 |
|
|
|a xo
|c SK
|
| 080 |
|
|
|a 281.94(Šariš):252
|
| 242 |
1 |
0 |
|a Vysviacka chrámu
|
| 245 |
0 |
0 |
|a Templomszentelés
|
| 500 |
|
|
|a [G 79]
|
| 520 |
2 |
|
|a Pochvalné uznanie činu gréckokatolíckeho dekana-kňaza v obco Ľutina Teodora (Tivadar) Rojkovicha, ktorý väčšinou z vlatných prostreidkov dal postaviť gréckokatolícky chrám v obci Milpoš [obec vyčlenená z Hanigoviec] - t.j. filiálnej cirkvi. Referát o vysviacke konanej 9. januára 1912, ktorú vykonal kňaz Alexander (Sándor) Gerbery. Menoslov ciekvných hostí.
|
| 650 |
0 |
4 |
|a Gerbery, Alexander (kňaz gréckokatolícky) - Prešov
|
| 650 |
0 |
4 |
|a Rojkovich, Teodor (kňaz gréckokatolícky) - financovanie chrámu
|
| 650 |
0 |
4 |
|a vysviacky - chrám gréckokatolícky, Milpoš - 9.01.1912 - referáty
|
| 773 |
0 |
|
|t Eperjesi Lapok
|g Roč. 37, č. 2 (14.01.1912) s. 4
|
| 957 |
|
|
|a Milpoš
|
| 957 |
|
|
|a Prešov
|
| 957 |
|
|
|a Ľutina
|
| 958 |
|
|
|a CI
|
| 958 |
|
|
|a DG
|
| 958 |
|
|
|a SK
|
| 974 |
|
|
|a Ba
|d 20031113
|
| 992 |
|
|
|a RBX
|
| BAS |
|
|
|
| 998 |
|
|
|a RETRO
|